Fundamentos de sociologa̕

Detalles Bibliográficos
Autor principal: Rodrg̕uez Rojas, Armando
Formato: eBook
Lenguaje:español
Publicado: Bogot:̀ ECOE, 2012
Materias:
Acceso en línea:Acceso restringido

MARC

LEADER 00000nam a22000007a 4500
005 20220204235150.0
007 cr|||| ||||
008 220204s2012 co |||||s|||| 00||0 spa d
020 |a 978-958-648-738-2 
035 |a 35779 
040 |a vLex 
090 |c 12916  |d 12916 
100 1 |a Rodrg̕uez Rojas, Armando 
245 1 0 |a Fundamentos de sociologa̕  |h [Recurso electrn̤ico] /  |c Armando Rodrg̕uez Rojas 
256 |a Servicio en ln̕ea 
260 |a Bogot:̀  |b ECOE,  |c 2012 
300 |a 1 recurso electrn̤ico 
500 |a Dirigido a estudiantes de primeros semestres de sociologa̕ o de otras disciplinas que exigen una base sociolg̤ica en su formacin̤, porque presenta un esquema claro y conciso de esta ciencia social, relacionǹdola con otras como el derecho, la polt̕ica, la economa̕ y la comunicacin̤ social. 
506 1 |a Disponible solo en los productos indicados  |d vLex Global  |d vLex Global (Academic Edition, excluding Law Schools)  |d vLex Global (U.S. Academic Edition, Law Schools)  |d vLex Global (U.S. Academic Edition, excluding Law Schools)  |d vLex Global (Academic Edition, Law Schools) 
650 0 4 |a Sociologa̕  |z Colombia 
740 0 |a vLex Libros (Servicio en ln̕ea) 
856 4 0 |u https://app.vlex.com/#/sources/35779  |z Acceso restringido 
942 |c BOOK 
999 0 |a Sociology